REVIEW OF PLANT PATHOLOGY (Record no. 4408)

MARC details
000 -LEADER
fixed length control field 00407nam a2200145Ia 4500
022 ## - INTERNATIONAL STANDARD SERIAL NUMBER
ISSN 0034-6438
245 #0 - TITLE STATEMENT
Title REVIEW OF PLANT PATHOLOGY
247 ## - FORMER TITLE
Title Review of Applied Mycology
260 ## - PUBLICATION, DISTRIBUTION, ETC. (IMPRINT)
Name of publisher CAB International, Wallingford, Oxon
Place of publication UK
310 ## - CURRENT PUBLICATION FREQUENCY
Current publication frequency M
500 ## - GENERAL NOTE
General note Ending Volume & Year: 80, 2000
500 ## - GENERAL NOTE
General note Starting Volume & Year: 49, 1970
942 ## - ADDED ENTRY ELEMENTS (KOHA)
Koha item type Bound Journal
Holdings
Withdrawn status Lost status Damaged status Not for loan Home library Current library Date acquired Accession Number Koha item type
      Bound journals RRII Library RRII Library 31/12/2021 04381J Bound Journal